Îles grecques sur une carte - Statistiques

Statistiques générales
  • Ce quiz a été pris 9 790 fois
  • Le résultat moyen est 4 sur 16
Réponses sur la Carte
Les réponses sont colorées sur une échelle allant du rouge au vert en fonction du pourcentage des utilisateurs qui les ont devinées à leur premier essai. Vous pouvez retrouver ces pourcentages ci-dessous.
 
Statistiques - réponses
km 2 Île % Correct
8'336 Crète
93%
1'401 Rhodes
55%
1'633 Lesbos
42%
593 Corfou
37%
430 Naxos
27%
3'670 Eubée
26%
290 Kos
19%
842 Chios
18%
477 Samos
17%
781 Céphalonie
14%
406 Zante
13%
380 Andros
12%
478 Lemnos
11%
380 Thasos
10%
303 Leucade
8%
300 Karpathos
7%
Aucun quiz correspondant
Distribution des résultats
% des personnes avec chaque résultat
Percentile par nombre de réponses
Votre historique - résultats
Vous n’avez pas pris ce quiz